Search the Library Catalogue
| 000 -LEADER | |
|---|---|
| fixed length control field | 00792nam a2200253Ia 4500 |
| 008 - FIXED-LENGTH DATA ELEMENTS--GENERAL INFORMATION | |
| fixed length control field | 191130s2007##################000#0#eng## |
| 020 ## - INTERNATIONAL STANDARD BOOK NUMBER | |
| ISBN | 9780849340529 |
| 082 ## - DEWEY DECIMAL CLASSIFICATION NUMBER | |
| Classification number | 616.21 HAM |
| 245 ## - TITLE STATEMENT | |
| Title | Chronic rhinosinusitis : pathogenesis and medical management |
| Statement of responsibility, etc | edited by Daniel L. Hamilos, Fuad M. Baroody |
| 250 ## - EDITION STATEMENT | |
| Edition statement | 1st ed |
| 260 ## - PUBLICATION, DISTRIBUTION, ETC. (IMPRINT) | |
| Place of publication | New York |
| Name of publisher | Informa Healthcare |
| Year of publication | 2007 |
| 300 ## - PHYSICAL DESCRIPTION | |
| Number of Pages | xii, 350 p. : ill (some col.) ; 24 cm. ; : alk. paper |
| 500 ## - GENERAL NOTE | |
| General note | Includes bibliographical references and index |
| 650 ## - SUBJECT ADDED ENTRY--TOPICAL TERM | |
| Topical Term | Chronic Disease |
| Topical Term | Rhinitis |
| Topical Term | Sinusitis |
| 700 ## - ADDED ENTRY--PERSONAL NAME | |
| Personal name | Baroody, Fuad M |
| Personal name | Hamilos, Daniel L |
| 991 ## - | |
| -- | 174305 |
| Withdrawn status | Lost status | Damaged status | Not for loan | Home library | Current library | Shelving location | Date acquired | Full call number | Accession Number | Price effective from | Koha item type |
|---|---|---|---|---|---|---|---|---|---|---|---|
| Anna Centenary Library | Anna Centenary Library | 5TH FLOOR, B WING | 12.10.2020 | 616.21 HAM | 191391 | 12.10.2020 | English Books |